Journal of applied mathematics and mechanics
Gespeichert in:
| Format: | Schriftenreihe |
|---|---|
| Sprache: | Slowakisch |
| Veröffentlicht: |
New York
Pergamon Press
1975
|
| Tags: |
Keine Tags, Fügen Sie das erste Tag hinzu!
|
MARC
| LEADER | 00000nas2a2200000$$$4500 | ||
|---|---|---|---|
| 001 | 0009722 | ||
| 005 | 20250730114243.8 | ||
| 022 | |a 0021-8928 | ||
| 041 | 0 | |a slo | |
| 044 | |a SK | ||
| 245 | 1 | 0 | |a Journal of applied mathematics and mechanics |
| 264 | 1 | |a New York |b Pergamon Press |c 1975 | |
| 773 | 0 | |w eu_un_cat*0009086 | |